000 00572nam a2200205 a 4500
005 20210223131022.0
008 090617s2007 mx r 000 0 spa d
020 _a9977986460
035 _aUPN01000171228
049 _aCG
050 4 _aPQ7489.2 C6.6
_bU5.4
100 1 _aContreras Castro, Fernando
245 1 0 _aÚnica mirando al mar /
_cFernando Contreras Castro.
260 _aSan José, C.R. :
_bFarben,
_c2007.
300 _a157 p.
440 0 _aClave
650 4 _aLITERATURA COSTARRICENSE
_912820
650 4 _aNOVELA COSTARRICENSE
_915187
905 _aLibro
999 _c143333
_d143333